Las cien noches de hero /

Uloženo v:
Podrobná bibliografie
Hlavní autor: Greenberg, Isabel (autor)
Médium: Kniha
Jazyk:španělština
Vydáno: Madrid, España : Impedimenta, 2017, c2017
Edice:(El Chico Amarillo ; 22)
Témata:
Tagy: Přidat tag
Žádné tagy, Buďte první, kdo vytvoří štítek k tomuto záznamu!

MARC

LEADER 00000nam^a2200000^a^4500
001 000406421
005 20250521000000.0
009 20260310121858.462
020 |a 978-84-17115-13-5 
037 |a Acervo ITESO - Biblioteca 
041 |a ESP 
082 |a 808. 83929  |b GRE 
100 |a Greenberg, Isabel  |e (autor) 
240 1 3 |a [La enciclopedia de la tierra temprana] 
245 1 4 |a Las cien noches de hero /  |c I. Greenberg ; tr. por Unai Velasco. 
264 4 |a Madrid, España :  |b Impedimenta,  |c 2017, c2017 
300 |a 1 v. (sin paginación) 
336 |a texto  |b txt  |2 rdacontenido 
337 |a sin mediación  |b n  |2 rdamedio 
338 |a volumen  |b nc  |2 rdasoporte 
440 3 |a (El Chico Amarillo ;  |v 22) 
500 |a Traducción de: The One Hundred Nights of Hero 
585 |a Exposición DIA 2022-02 / Miradas a una espiral creciente: por los caminos de la novela gráfica 
649 |a XX 
650 |a Novela Gráfica -  |z Inglaterra 
650 |a Novela Inglesa 
650 |a Literatura Inglesa -  |y Siglo XXI 
650 |a Literatura Infantil -  |z Inglaterra 
650 |a Literatura Juvenil -  |z Inglaterra 
650 |a Literatura de Mujeres -  |z Inglaterra 
910 |a Fondo General 
920 |a Impresos - Libros 
930 |a Colección General 
940 |a Literatura 
905 |a 101 
901 |a 0500310836  |b IT1  |c LIT  |i C159123  |u 20250521 
902 |a https://opac.biblio.iteso.mx/vufind/Record/000406421